01437nam a2200301 i 4500003000900000005001700009007000300026008004100029040003000070082002200100100004300122245022100165264005100386300002700437336002700464337003400491338002800525504003000553586017400583590002700757650005500784650004000839710009000879910001400969942001400983952012100997999001701118DO-SdBNP20230922150213.0ta110413s199- dr 000 0 spa d aDO-SdBNPbspacBNPHUerda a332.1 bS964f2221 aSusano Lucero, Aurelio Reynaldo91271910aFomento de la inversión productiva por medio de los servicios de las instituciones financieras de desarrollo : bel caso de la Corporación Financiera de Desarrollo, S.A., COFIDE / cAurelio Reynaldo Susano Lucero 1aLima, Peru:bALIDE,c[Fecha no indentificada]. a203 páginas c23 cm. 2rdacontentatextobtxt 2rdamediaasin mediación bn 2rdacarrieravolumenbnc aBibliografía p: 199-203 aTrabajo ganador del XIV concurso Latinoamericano sobre Banca de Fomento, convocado por la Asociación Latinoamericana de Instituciones Financieras de Desarrollo (ALIDE) aInventariado, 2023/ YL 4aInstituciones financierasxAmérica Latina983873 4aInversiones92721xAmérica Latina1 aAsociación Latinoamericana de Instituciones Fiancieras de Desarrollo (ALIDE)984263 aYLockward 2ddccLBS1 00102ddc51708PDaBNPHUbBNPHUcCTd2023-09-22l0oBNPHU PD 332.1 S964fp2023-6353r2023-09-22w2023-09-22yLBS1 c54910d54910